| 000 | 00605nam a2200193Ia 4500 | ||
|---|---|---|---|
| 003 | GCL | ||
| 008 | 140319s9999 xx 000 0 ara d | ||
| 040 |
_aGCL / _cGCL |
||
| 082 | 0 | 4 |
_a227 _bق ل |
| 100 | 1 | _aالقشيرى | |
| 245 | 1 | 0 |
_aلطائف الاشارات : تفسير صوفى كامل للقران الكريم / _cالقشيرى |
| 700 | 1 | _aابراهيم بسيونى | |
| 260 |
_a[S.N] : _bالهيئة المصرية العامة للكتاب ، _c1981 |
||
| 300 | _aمتعدد الترقيم | ||
| 490 | _a | ||
| 650 | 0 | 4 | _aتفاسير |
| 650 | 0 | 4 | _aالقران |
| 942 |
_2ddc _cBK |
||
| 999 |
_c28379 _d28379 |
||